A História do Pequeno Ganso que era Vagaroso (Registo nº 5922)

Detalhes MARC
000 -Etiqueta do registo
Valores 00965cam a2200265 04500
010 ## - Número ISBN
ISBN 9722108069
021 ## - Número do Depósito Legal
Número 60083/93
100 ## - Dados gerais de processamento
Dados gerais 20211231d1993 cd|y0pory5003 ba
200 1# - Titulo e menção de responsabilidade
Título próprio A História do Pequeno Ganso que era Vagaroso
Primeira menção de responsabilidade Hanna Johansen
Outras menções de responsabilidade il. Käthi Bhend, trad. Isabel Almeida e Sousa
210 #9 - Publicação
Local de publicação Lisboa
Nome do editor Caminho
Data de publicação 1993
215 ## - Descrição física 
Paginação / Volumes 107. [8] p.
Outras indicações físicas il.
304 ## - Nota relativa ao título
Texto de nota Tít. orig.: Die Geschichte von der kleinen Gans, die nicht schnell genug war
330 ## - Sumário ou Resumo
Texto da nota Uma história para os mais pequenos da família, que se deixam sempre ficar para trás.
606 ## - Nome comum usado como assunto
ID Autoridade 14
Palavra de ordem Literatura infantil
606 ## - Nome comum usado como assunto
ID Autoridade 13
Palavra de ordem Literatura Estrangeira
675 ## - CDU
Notação 821.112.2-34"19"
Edição BN
Língua por
675 ## - CDU
Notação 821.112.2-93"19"
Edição BN
Língua por
700 ## - Autor principal (pessoa individual)
Apelido Johansen
Nome Hanna
Datas 1939-2023
ID Autoridade 5610
702 ## - Autor secundário (pessoa individual)
Apelido Bhend
Nome Käthi
Datas 1942-
ID Autoridade 5611
702 ## - Autor secundário (pessoa individual)
Apelido Sousa
Nome Isabel de Almeida e
ID Autoridade 4488
801 #0 - Fonte de origem
País PT
Agência BMVN
Regras de catalogação RPC
830 ## - Notas gerais do catalogador
Criado por Inês Silva
Data de criação 31/12/2021
990 ## - Elementos KOHA
Tipo de documento Livro
Exemplares
Situação do levantamento Biblioteca de origem Código de barras Cota Permissão de empréstimo Tipo de documento Forma de aquisição
  Biblioteca Municipal de Vendas Novas 100000001234 LI EST/JOH   Livro  

Powered by Koha